Normal view
MARC view
Entry Personal Name
001 - CONTROL NUMBER
- control field: 16826
003 - CONTROL NUMBER IDENTIFIER
- control field: ARRUPE
005 - DATE AND TIME OF LATEST TRANSACTION
- control field: 20150331175459.0
008 - FIXED-LENGTH DATA ELEMENTS
- fixed length control field: 150331|| aca||aabn | a|a d
040 ## - CATALOGING SOURCE
- Original cataloging agency: ARRUPE
- Transcribing agency: ARRUPE
100 ## - HEADING--PERSONAL NAME
- Personal name: Greenberger, D.M. (ed.)
670 ## - SOURCE DATA FOUND
- Source citation: Work cat.: (ARRUPE): Greenberger, D.M. (ed.), New Techniques and ideas in quantum measurement theory, 1986